Statistics for Who was US President?

Click here to take the quiz!

General Stats

  • This quiz has been taken 469 times
  • The average score is 15 of 20

Answer Stats

YearPresident% Correct
2015Barack Obama
100%
2016Barack Obama
100%
2012Barack Obama
100%
1892Benjamin Harrison
100%
1994Bill Clinton
100%
1997Bill Clinton
100%
1999Bill Clinton
100%
1928Calvin Coolidge
100%
2019Donald Trump
100%
2018Donald Trump
100%
2020Donald Trump
100%
1960Dwight D. Eisenhower
100%
1941Franklin D. Roosevelt
100%
1936Franklin D. Roosevelt
100%
1989George H.W. Bush/Ronald Reagan
100%
1796George Washington
100%
2002George W. Bush
100%
2006George W. Bush
100%
2007George W. Bush
100%
1974Gerald R. Ford/Richard Nixon
100%
1948Harry Truman
100%
1930Herbert Hoover
100%
1929Herbert Hoover/Calvin Coolidge
100%
1812James Madison
100%
1816James Madison
100%
1980Jimmy Carter
100%
1978Jimmy Carter
100%
1977Jimmy Carter/Gerald R. Ford
100%
1799John Adams
100%
1963Lyndon B. Johnson/John F. Kennedy
100%
1973Richard Nixon
100%
1969Richard Nixon/Lyndon B. Johnson
100%
1904Theodore Roosevelt
100%
1803Thomas Jefferson
100%
1806Thomas Jefferson
100%
1871Ulysses S. Grant
100%
1897William McKinley/Grover Cleveland
100%
1915Woodrow Wilson
100%
1916Woodrow Wilson
100%
1913Woodrow Wilson/William Taft
100%
2005George W. Bush
92%
1964Lyndon B. Johnson
92%
2008George W. Bush
91%
2011Barack Obama
90%
1944Franklin D. Roosevelt
90%
1992George H.W. Bush
90%
2004George W. Bush
90%
2021Joe Biden/Donald Trump
90%
1923Calvin Coolidge/Warren Harding
89%
1956Dwight D. Eisenhower
89%
1939Franklin D. Roosevelt
89%
1986Ronald Reagan
89%
2010Barack Obama
88%
2000Bill Clinton
88%
1794George Washington
88%
1792George Washington
88%
1975Gerald R. Ford
88%
1979Jimmy Carter
88%
1985Ronald Reagan
88%
1833Andrew Jackson
86%
1998Bill Clinton
86%
1926Calvin Coolidge
86%
1950Harry Truman
86%
1946Harry Truman
86%
1820James Monroe
86%
1837Martin Van Buren/Andrew Jackson
86%
1987Ronald Reagan
86%
1983Ronald Reagan
86%
1908Theodore Roosevelt
86%
1921Warren Harding/Woodrow Wilson
86%
1990George H.W. Bush
85%
2014Barack Obama
83%
1891Benjamin Harrison
83%
1943Franklin D. Roosevelt
83%
1847James K. Polk
83%
1811James Madison
83%
1961John F. Kennedy/Dwight D. Eisenhower
83%
1971Richard Nixon
83%
1804Thomas Jefferson
83%
1919Woodrow Wilson
83%
1920Woodrow Wilson
83%
1938Franklin D. Roosevelt
82%
1935Franklin D. Roosevelt
82%
1907Theodore Roosevelt
82%
1976Gerald R. Ford
80%
1945Harry Truman/Franklin D. Roosevelt
80%
1824James Monroe
80%
1797John Adams/George Washington
80%
1962John F. Kennedy
80%
1828John Quincy Adams
80%
1984Ronald Reagan
80%
1981Ronald Reagan/Jimmy Carter
80%
1805Thomas Jefferson
80%
1875Ulysses S. Grant
80%
1832Andrew Jackson
78%
2009Barack Obama/George W. Bush
78%
1940Franklin D. Roosevelt
78%
1951Harry Truman
78%
1819James Monroe
78%
1966Lyndon B. Johnson
78%
1970Richard Nixon
78%
1922Warren Harding
78%
1861Abraham Lincoln/James Buchanan
75%
1995Bill Clinton
75%
1882Chester A. Arthur
75%
1883Chester A. Arthur
75%
2017Donald Trump/Barack Obama
75%
1954Dwight D. Eisenhower
75%
2001George W. Bush/Bill Clinton
75%
1952Harry Truman
75%
1949Harry Truman
75%
1848James K. Polk
75%
1967Lyndon B. Johnson
75%
1839Martin Van Buren
75%
1988Ronald Reagan
75%
1903Theodore Roosevelt
75%
1808Thomas Jefferson
75%
1802Thomas Jefferson
75%
1801Thomas Jefferson/John Adams
75%
1912William Taft
75%
1849Zachary Taylor/James K. Polk
75%
1993Bill Clinton/George H.W. Bush
73%
1937Franklin D. Roosevelt
73%
1850Millard Fillmore/Zachary Taylor
73%
1868Andrew Johnson
71%
1881Chester A. Arthur/James Garfield/Rutherford B. Hayes
71%
1933Franklin D. Roosevelt/Herbert Hoover
71%
1790George Washington
71%
1791George Washington
71%
1947Harry Truman
71%
1932Herbert Hoover
71%
1798John Adams
71%
1965Lyndon B. Johnson
71%
1902Theodore Roosevelt
71%
1918Woodrow Wilson
71%
1862Abraham Lincoln
70%
1829Andrew Jackson/John Quincy Adams
70%
1865Andrew Johnson/Abraham Lincoln
70%
2003George W. Bush
70%
1972Richard Nixon
70%
1909William Taft/Theodore Roosevelt
70%
1863Abraham Lincoln
67%
1834Andrew Jackson
67%
1831Andrew Jackson
67%
1867Andrew Johnson
67%
1866Andrew Johnson
67%
1889Benjamin Harrison/Grover Cleveland
67%
1996Bill Clinton
67%
1924Calvin Coolidge
67%
1957Dwight D. Eisenhower
67%
1958Dwight D. Eisenhower
67%
1934Franklin D. Roosevelt
67%
1942Franklin D. Roosevelt
67%
1793George Washington
67%
1789George Washington
67%
1888Grover Cleveland
67%
1885Grover Cleveland/Chester A. Arthur
67%
1813James Madison
67%
1809James Madison/Thomas Jefferson
67%
1823James Monroe
67%
1817James Monroe/James Madison
67%
1826John Quincy Adams
67%
1842John Tyler
67%
1838Martin Van Buren
67%
1852Millard Fillmore
67%
1870Ulysses S. Grant
67%
1869Ulysses S. Grant/Andrew Johnson
67%
1910William Taft
67%
1856Franklin Pierce
64%
2013Barack Obama
63%
1927Calvin Coolidge
63%
1854Franklin Pierce
63%
1815James Madison
63%
1821James Monroe
63%
1822James Monroe
63%
1800John Adams
63%
1901Theodore Roosevelt/William McKinley
63%
1925Calvin Coolidge
60%
1795George Washington
60%
1860James Buchanan
60%
1857James Buchanan/Franklin Pierce
60%
1879Rutherford B. Hayes
60%
1807Thomas Jefferson
60%
1899William McKinley
60%
1898William McKinley
60%
1900William McKinley
60%
1836Andrew Jackson
58%
1853Franklin Pierce/Millard Fillmore
58%
1835Andrew Jackson
57%
1959Dwight D. Eisenhower
57%
1953Dwight D. Eisenhower/Harry Truman
57%
1896Grover Cleveland
57%
1968Lyndon B. Johnson
57%
1911William Taft
57%
1914Woodrow Wilson
57%
1825John Quincy Adams/James Monroe
56%
1818James Monroe
55%
1841John Tyler/William Henry Harrison/Martin Van Buren
55%
1810James Madison
54%
1872Ulysses S. Grant
54%
1890Benjamin Harrison
50%
1991George H.W. Bush
50%
1894Grover Cleveland
50%
1886Grover Cleveland
50%
1846James K. Polk
50%
1845James K. Polk/John Tyler
50%
1814James Madison
50%
1844John Tyler
50%
1840Martin Van Buren
50%
1880Rutherford B. Hayes
50%
1906Theodore Roosevelt
50%
1905Theodore Roosevelt
50%
1876Ulysses S. Grant
45%
1884Chester A. Arthur
44%
1895Grover Cleveland
44%
1851Millard Fillmore
44%
1887Grover Cleveland
43%
1874Ulysses S. Grant
43%
1830Andrew Jackson
42%
1931Herbert Hoover
42%
1864Abraham Lincoln
40%
1855Franklin Pierce
40%
1893Grover Cleveland/Benjamin Harrison
40%
1917Woodrow Wilson
40%
1827John Quincy Adams
36%
1955Dwight D. Eisenhower
33%
1859James Buchanan
33%
1982Ronald Reagan
33%
1877Rutherford B. Hayes/Ulysses S. Grant
33%
1858James Buchanan
29%
1878Rutherford B. Hayes
29%
1843John Tyler
0%
1873Ulysses S. Grant
0%

Score Distribution

Percentile by Number Answered

Percent of People with Each Score

Your Score History

You have not taken this quiz